000 01069nam a22002177a 4500
999 _c60367
_d60367
003 Ge_BSU
005 20230705172252.0
008 230705s2007ge xxu||||| |||| 00| 0 geo d
020 _a9789941900150
041 _ageo
080 _a902/904(479.223) მ-25
100 _aმამულაძე, შ.
_919172
245 _aგონიო-აფსაროსი /
_c შ. მამულაძე, ა. კახიძე, ე. კახიძე.
264 _aთბილისი :
_bსიესტა,
_c2007.
300 _a70 გვ.:
_b20 სმ.
_cტექსტს ახლავს ფოტომასალა.
546 _aტექსტი ქართ,. ინგლ. და რუს. ენ.
653 _aგონიო-აფსაროსის ციხის ისტორია და მის ტერიტორიაზე აღმოჩენილი არქეოლოგიური მასალა.
700 _aკახიძე, ა
_919173
700 _a კახიძე, ე
_919174
942 _2udc
_cBK